[Event "Perth AUS Open"]
[Site "?"]
[Date "2023.01.03"]
[Round "3.19"]
[White "Hardegen, Kathryn"]
[Black "Rice, Lauren"]
[Result "1/2-1/2"]
[WhiteElo "1887"]
[BlackElo "1594"]
[PlyCount "102"]
[EventDate "2023.01.??"]
[EventRounds "11"]
[EventCountry "AUS"]
[SourceVersionDate "2023.01.02"]

1. d4 Nf6 2. Nf3 g6 3. Bf4 Bg7 4. h3 d5 5. e3 O-O 6. Be2 c5 7. c3 Nfd7 8. O-O Nc6 9. Nbd2 h6 10. Bh2 g5 11. dxc5 Nxc5 12. Qc2 f5 13. Rad1 Qe8 14. Nb3 Nxb3 15. Qxb3 e6 16. Rfe1 Qf7 17. Bb5 g4 18. Bxc6 gxf3 19. Bb5 fxg2 20. Be2 Kh8 21. Kxg2 e5 22. Qxd5 Be6 23. Qf3 Rad8 24. Rxd8 Rxd8 25. Kf1 Bd5 26. Qh5 Qf6 27. Rd1 Rd6 28. c4 Be4 29. Rxd6 Qxd6 30. Qe8+ Kh7 31. f3 Bb1 32. Qf7 Qc5 33. Bg1 Qb4 34. b3 Qd2 35. Bf2 Qxa2 36. Bh4 Qa6 37. b4 Kh8 38. Be7 f4 39. e4 Qa1 40. Qe8+ Kh7 41. Kg2 Qb2 42. Kf1 Qc1+ 43. Kf2 Qe3+ 44. Kf1 Bxe4 45. Qd7 Bxf3 46. Qf5+ Kh8 47. Qc8+ Kh7 48. Qf5+ Kg8 49. Qe6+ Kh8 50. Qc8+ Kh7 51. Qf5+ Kh8 1/2-1/2

[Event "Perth AUS Open"]
[Site "?"]
[Date "2023.01.03"]
[Round "3.20"]
[White "Harris, Eamon"]
[Black "Gunawan, Tjermin"]
[Result "1-0"]
[WhiteElo "1884"]
[BlackElo "1593"]
[PlyCount "70"]
[EventDate "2023.01.??"]
[EventRounds "11"]
[EventCountry "AUS"]
[SourceVersionDate "2023.01.02"]

1. e4 c6 2. d4 d5 3. e5 c5 4. c3 Nc6 5. Be3 Qb6 6. Qd2 e6 7. f4 Nh6 8. Nf3 Nf5 9. Bf2 cxd4 10. cxd4 h5 11. Nc3 a6 12. Bd3 g6 13. Bxf5 gxf5 14. Bh4 Bd7 15. Bf6 Rg8 16. O-O Ne7 17. Ng5 Rg6 18. Rab1 Ng8 19. Nh7 Be7 20. Bxe7 Nxe7 21. Nf6+ Kd8 22. Nxh5 Kc7 23. Nf6 Bc6 24. Rfc1 Kb8 25. b4 Qd8 26. a4 Ng8 27. Nxg8 Qxg8 28. b5 axb5 29. Nxb5 Bxb5 30. axb5 Qd8 31. b6 Ra6 32. Qb4 Rg8 33. g3 Re8 34. Rc7 Rxb6 35. Rxb7+ Rxb7 1-0

[Event "Perth AUS Open"]
[Site "?"]
[Date "2023.01.03"]
[Round "3.21"]
[White "Roebuck, Derek"]
[Black "Young, Micah"]
[Result "0-1"]
[WhiteElo "1592"]
[BlackElo "1845"]
[PlyCount "54"]
[EventDate "2023.01.??"]
[EventRounds "11"]
[EventCountry "AUS"]
[SourceVersionDate "2023.01.02"]

1. e4 c5 2. Nf3 Nc6 3. b4 cxb4 4. d4 d5 5. exd5 Qxd5 6. c4 bxc3 7. Nxc3 Qa5 8. Rb1 e6 9. Bd2 Qd8 10. Bb5 Nf6 11. O-O Bd6 12. Bg5 O-O 13. Ne4 Be7 14. Nxf6+ Bxf6 15. Bxf6 gxf6 16. Bxc6 bxc6 17. Qa4 Qd6 18. Rfc1 Bd7 19. Rb7 Kh8 20. h3 Rg8 21. Re1 Rg7 22. Rxa7 Rag8 23. Nh4 Qd5 24. f3 Qg5 25. Qc2 Qxh4 26. Re2 Qxd4+ 27. Kf1 Qxa7 0-1

[Event "Perth AUS Open"]
[Site "?"]
[Date "2023.01.03"]
[Round "3.22"]
[White "Janceski, Alex"]
[Black "Xiao Zhou Ning"]
[Result "1/2-1/2"]
[WhiteElo "1821"]
[BlackElo "1583"]
[PlyCount "73"]
[EventDate "2023.01.??"]
[EventRounds "11"]
[EventCountry "AUS"]
[SourceVersionDate "2023.01.02"]

1. d4 Nf6 2. c4 e6 3. a3 d5 4. e3 Be7 5. Nd2 O-O 6. Ngf3 b6 7. b4 c5 8. dxc5 bxc5 9. b5 dxc4 10. Bxc4 a6 11. O-O Qb6 12. Rb1 axb5 13. Bxb5 Qc7 14. Bb2 Ba6 15. a4 Rd8 16. Qc2 Nc6 17. Bxa6 Rxa6 18. Bc3 Rda8 19. Ra1 Nd5 20. Bb2 Ncb4 21. Qb3 Nb6 22. Rfc1 Qd7 23. Nc4 Nxc4 24. Qxc4 Rxa4 25. Rxa4 Qxa4 26. h3 Na2 27. Qxa4 Rxa4 28. Ra1 Ra6 29. Rd1 h6 30. Kf1 Ra7 31. Ra1 Ra6 32. Rd1 Rd6 33. Ra1 Nb4 34. Ke2 Bf6 35. Bxf6 gxf6 36. Rc1 Rc6 37. Rc4 1/2-1/2

[Event "Perth AUS Open"]
[Site "?"]
[Date "2023.01.03"]
[Round "3.23"]
[White "Umasankar, Naveen Ramnat"]
[Black "Saxon, Marc"]
[Result "0-1"]
[WhiteElo "1573"]
[BlackElo "1813"]
[PlyCount "52"]
[EventDate "2023.01.??"]
[EventRounds "11"]
[EventCountry "AUS"]
[SourceVersionDate "2023.01.02"]

1. e4 e5 2. Nf3 d6 3. d4 exd4 4. Nxd4 Nf6 5. Nc3 Be7 6. g3 O-O 7. Bg2 Re8 8. O-O c6 9. h3 Nbd7 10. Nf5 Nc5 11. Nxe7+ Qxe7 12. Re1 d5 13. e5 Nfe4 14. Nxe4 Nxe4 15. Bxe4 dxe4 16. Rxe4 Bf5 17. Re1 Bxh3 18. Qh5 Qe6 19. Bf4 Rad8 20. Qf3 h6 21. Qb3 Qg4 22. f3 Qf5 23. Qc3 g5 24. Bd2 Rd5 25. f4 Red8 26. Be3 Qe4 0-1

[Event "Perth AUS Open"]
[Site "?"]
[Date "2023.01.03"]
[Round "3.24"]
[White "Pimenov, Alex"]
[Black "Schiavone, Emmanuel"]
[Result "1-0"]
[WhiteElo "1800"]
[BlackElo "1573"]
[PlyCount "83"]
[EventDate "2023.01.??"]
[EventRounds "11"]
[EventCountry "AUS"]
[SourceVersionDate "2023.01.02"]

1. d4 Nf6 2. c4 e6 3. Nc3 Bb4 4. Qc2 O-O 5. Nf3 b6 6. Bg5 Bb7 7. e3 h6 8. Bh4 d6 9. Bd3 Nbd7 10. a3 Bxc3+ 11. Qxc3 g5 12. Bg3 Ne4 13. Qc2 f5 14. O-O-O Ndf6 15. Rdg1 c5 16. dxc5 Nxc5 17. h4 g4 18. Nd4 Nxd3+ 19. Qxd3 Qe7 20. Nb5 Ne4 21. Bxd6 Qd7 22. Rd1 Nxf2 23. Qe2 Nxd1 24. Bxf8 Nxb2 25. Qxb2 Rxf8 26. Rd1 Qc6 27. Nd6 Qxg2 28. Qe5 Kh7 29. Nxb7 Qxb7 30. Qxe6 Rf7 31. Rd6 Qc7 32. Qxh6+ Kg8 33. Qg5+ Rg7 34. Rd8+ Kf7 35. Qxf5+ Ke7 36. Qf8+ Ke6 37. Re8+ Re7 38. Qxe7+ Qxe7 39. Rxe7+ Kxe7 40. Kd2 Kf6 41. Ke2 Kf5 42. Kf2 1-0

[Event "Perth AUS Open"]
[Site "?"]
[Date "2023.01.03"]
[Round "3.25"]
[White "Cadag, Herbert"]
[Black "Stewart, Clint"]
[Result "0-1"]
[WhiteElo "1557"]
[BlackElo "1799"]
[PlyCount "90"]
[EventDate "2023.01.??"]
[EventRounds "11"]
[EventCountry "AUS"]
[SourceVersionDate "2023.01.02"]

1. e4 c5 2. Nf3 d6 3. d4 cxd4 4. Nxd4 Nf6 5. Nc3 g6 6. f3 Bg7 7. Be3 O-O 8. Qd2 Nc6 9. g4 d5 10. Nxc6 bxc6 11. O-O-O Qa5 12. g5 Nh5 13. exd5 Rd8 14. Bc4 e6 15. d6 Qe5 16. f4 Qa5 17. a3 Rb8 18. Bb3 e5 19. fxe5 Bxe5 20. Rhf1 Bf5 21. Qf2 Bxc3 22. bxc3 Qxa3+ 23. Kd2 Qxd6+ 24. Bd4 c5 25. Qh4 cxd4 26. cxd4 Qxd4+ 27. Qxd4 Rxd4+ 28. Ke3 Rxd1 29. Rxd1 Re8+ 30. Kf2 Be6 31. Ba4 Rc8 32. Rc1 Nf4 33. Bb5 Bf5 34. Ke3 Nd5+ 35. Kd4 Nb4 36. c4 Rd8+ 37. Ke3 a6 38. Ba4 Rd3+ 39. Kf4 Be6 40. Ke5 Ra3 41. Bc2 Rc3 42. Rd1 Rxc2 43. Kf6 Rf2+ 44. Ke7 Bxc4 45. Rd4 Nc6+ 0-1

[Event "Perth AUS Open"]
[Site "?"]
[Date "2023.01.03"]
[Round "3.26"]
[White "Koh, Shannon"]
[Black "Laubbacher, Jamie"]
[Result "1/2-1/2"]
[WhiteElo "1541"]
[BlackElo "1797"]
[PlyCount "63"]
[EventDate "2023.01.??"]
[EventRounds "11"]
[EventCountry "AUS"]
[SourceVersionDate "2023.01.02"]

1. e4 c5 2. c3 Nf6 3. e5 Nd5 4. Nf3 Nc6 5. Bc4 Nb6 6. Bb3 d5 7. exd6 e6 8. d4 Bxd6 9. Be3 cxd4 10. Nxd4 O-O 11. Nd2 Bd7 12. O-O Qb8 13. N2f3 Nxd4 14. Bxd4 Bc6 15. h3 Nd5 16. Re1 Nf4 17. Ne5 Ng6 18. Nxc6 bxc6 19. Qf3 Qc7 20. Rad1 c5 21. Be3 c4 22. Bc2 Rab8 23. Bxg6 hxg6 24. Qe2 Bh2+ 25. Kh1 Be5 26. Bc1 Bf6 27. Rd2 Rfd8 28. Red1 Qc6 29. Rxd8+ Rxd8 30. Rxd8+ Bxd8 31. Be3 Bb6 32. Qd2 1/2-1/2

[Event "Perth AUS Open"]
[Site "?"]
[Date "2023.01.03"]
[Round "3.27"]
[White "Chinbat, Chinguun"]
[Black "Stokes, Mark C"]
[Result "1-0"]
[WhiteElo "1787"]
[BlackElo "1569"]
[PlyCount "97"]
[EventDate "2023.01.??"]
[EventRounds "11"]
[EventCountry "AUS"]
[SourceVersionDate "2023.01.02"]

1. d4 Nf6 2. c4 e5 3. dxe5 Ng4 4. Nf3 Bc5 5. e3 Nc6 6. Be2 O-O 7. O-O Re8 8. Nd4 Ngxe5 9. Nc3 a5 10. b3 Ra6 11. Nf3 Nxf3+ 12. Bxf3 Ne5 13. Bd5 Qh4 14. g3 Qe7 15. Bg2 Rd6 16. Qc2 Rg6 17. Nd5 Qd8 18. Nf4 Rh6 19. Bb2 d6 20. Nd3 Bf5 21. e4 Nxd3 22. Qxd3 Bd7 23. Qc3 f6 24. Qxa5 Bc6 25. Rfe1 Qe7 26. Qd2 Qf7 27. Bd4 Qh5 28. h3 Bd7 29. g4 Qf7 30. Bxc5 dxc5 31. Qd5 b6 32. Qxf7+ Kxf7 33. a4 Rh4 34. a5 Bc6 35. axb6 cxb6 36. b4 h5 37. f3 hxg4 38. hxg4 cxb4 39. Reb1 b5 40. Rxb4 bxc4 41. Rxc4 Bd7 42. Ra7 Ke6 43. Rcc7 Rd8 44. Bf1 g5 45. Ra6+ Ke7 46. Bb5 Rh7 47. Bxd7 Rxd7 48. Rxd7+ Kxd7 49. Ra7+ 1-0

[Event "Perth AUS Open"]
[Site "?"]
[Date "2023.01.03"]
[Round "3.28"]
[White "Arthur, James"]
[Black "Ellis, David"]
[Result "1/2-1/2"]
[WhiteElo "1534"]
[BlackElo "1770"]
[PlyCount "37"]
[EventDate "2023.01.??"]
[EventRounds "11"]
[EventCountry "AUS"]
[SourceVersionDate "2023.01.02"]

1. e4 c6 2. d4 d5 3. e5 c5 4. dxc5 Nc6 5. Nf3 e6 6. Be3 Nge7 7. Bd3 Qc7 8. O-O Nxe5 9. Nxe5 Qxe5 10. Na3 Bd7 11. c3 Nf5 12. Bxf5 Qxf5 13. Qc2 Qxc2 14. Nxc2 Be7 15. Rad1 O-O 16. c4 Bc6 17. Nb4 Rad8 18. cxd5 exd5 19. Nxc6 1/2-1/2

[Event "Perth AUS Open"]
[Site "?"]
[Date "2023.01.03"]
[Round "3.29"]
[White "Holliday, Bruce M"]
[Black "Vujasin, Nikola"]
[Result "1-0"]
[WhiteElo "1760"]
[BlackElo "1539"]
[PlyCount "41"]
[EventDate "2023.01.??"]
[EventRounds "11"]
[EventCountry "AUS"]
[SourceVersionDate "2023.01.02"]

1. e4 c5 2. Nf3 Nc6 3. d4 cxd4 4. Nxd4 e6 5. Nc3 a6 6. Be2 Qc7 7. Be3 Nf6 8. O-O Be7 9. f4 d6 10. Kh1 O-O 11. Qe1 Nxd4 12. Bxd4 b5 13. e5 Ne8 14. Bd3 d5 15. f5 b4 16. f6 Bxf6 17. exf6 bxc3 18. fxg7 Nxg7 19. Be5 Qe7 20. Bf6 Qc7 21. Qh4 1-0

[Event "Perth AUS Open"]
[Site "?"]
[Date "2023.01.03"]
[Round "3.30"]
[White "Taylor, Noah"]
[Black "Gao, Arthur"]
[Result "0-1"]
[WhiteElo "1525"]
[BlackElo "1754"]
[PlyCount "70"]
[EventDate "2023.01.??"]
[EventRounds "11"]
[EventCountry "AUS"]
[SourceVersionDate "2023.01.02"]

1. e4 c5 2. Nf3 Nc6 3. d4 cxd4 4. Nxd4 Nf6 5. Nc3 e5 6. Ndb5 d6 7. Bg5 a6 8. Na3 b5 9. Nd5 Be7 10. Bxf6 Bxf6 11. c3 Bg5 12. Be2 Rb8 13. Nc2 Be6 14. Nce3 O-O 15. O-O Ne7 16. Qd3 Bxe3 17. Nxe3 Ng6 18. g3 Qb6 19. Rfd1 Rbd8 20. Nd5 Bxd5 21. Qxd5 Ne7 22. Qb3 Kh8 23. Rd2 f5 24. Qe6 fxe4 25. Qxe7 e3 26. Rd3 exf2+ 27. Kf1 Qc6 28. Rf3 Kg8 29. Rd1 Qe4 30. Qe6+ Kh8 31. Qxd6 Qa8 32. Qe7 Rde8 33. Qd6 Rxf3 34. Bxf3 Qxf3 35. Qd5 e4 0-1

[Event "Perth AUS Open"]
[Site "?"]
[Date "2023.01.03"]
[Round "3.31"]
[White "Yu Leiming"]
[Black "King, David"]
[Result "1/2-1/2"]
[WhiteElo "1511"]
[BlackElo "1740"]
[PlyCount "81"]
[EventDate "2023.01.??"]
[EventRounds "11"]
[EventCountry "AUS"]
[SourceVersionDate "2023.01.02"]

1. d4 d5 2. c4 c6 3. Nc3 Nf6 4. e3 e6 5. Be2 Nbd7 6. Nf3 Bd6 7. Qc2 a6 8. b3 O-O 9. O-O Re8 10. e4 dxe4 11. Nxe4 Nxe4 12. Qxe4 e5 13. dxe5 Nxe5 14. Bb2 Nxf3+ 15. Qxf3 Qc7 16. h3 Bh2+ 17. Kh1 Be5 18. Qe3 Bf5 19. Bxe5 Rxe5 20. Qf4 Qe7 21. Bf3 Re8 22. Rad1 Bg6 23. Qd2 f6 24. Qd7 Be4 25. Bxe4 Rxe4 26. Qd3 Re2 27. Rd2 Qe4 28. Qxe4 R8xe4 29. Rfd1 Kf7 30. Rd7+ Re7 31. R7d2 f5 32. Kh2 g6 33. Kg3 R2e4 34. Kf3 R4e6 35. Rd7 Kf6 36. Rxe7 Rxe7 37. Rd6+ Ke5 38. Rd2 Kf6 39. Rd6+ Ke5 40. Rd2 Kf6 41. Rd6+ 1/2-1/2

[Event "Perth AUS Open"]
[Site "?"]
[Date "2023.01.03"]
[Round "3.32"]
[White "Gao, Oscar"]
[Black "Marriott, Max"]
[Result "1-0"]
[WhiteElo "1727"]
[BlackElo "1533"]
[PlyCount "89"]
[EventDate "2023.01.??"]
[EventRounds "11"]
[EventCountry "AUS"]
[SourceVersionDate "2023.01.02"]

1. e4 d6 2. d4 Nf6 3. Nc3 c6 4. Be2 Qa5 5. Qd3 b5 6. e5 dxe5 7. dxe5 Nfd7 8. f4 Na6 9. Qf3 Nb4 10. Bd1 e6 11. Bd2 Qb6 12. a4 Bb7 13. a5 Qc7 14. Qg3 a6 15. Nce2 O-O-O 16. c3 Nd5 17. Nf3 Nc5 18. Bc2 Ba8 19. O-O Nb7 20. b4 c5 21. Be4 f5 22. Bxd5 Rxd5 23. c4 bxc4 24. b5 axb5 25. Nc3 b4 26. Nxd5 exd5 27. a6 Na5 28. Qg5 g6 29. Qf6 Bg7 30. Qe6+ Kb8 31. a7+ Kxa7 32. Ra2 Rb8 33. Rfa1 Rb5 34. Rxa5+ Rxa5 35. Rxa5+ Qxa5 36. Qd7+ Bb7 37. Qxg7 Qa1+ 38. Kf2 b3 39. Qc7 Qa3 40. Ba5 b2 41. Qb6+ Kb8 42. e6 b1=Q 43. Qxb1 Qxa5 44. e7 Qa4 45. Qb6 1-0

[Event "Perth AUS Open"]
[Site "?"]
[Date "2023.01.03"]
[Round "3.33"]
[White "Solomontchik, Daniel"]
[Black "Dagza, Ben"]
[Result "1/2-1/2"]
[WhiteElo "1452"]
[BlackElo "1726"]
[PlyCount "81"]
[EventDate "2023.01.??"]
[EventRounds "11"]
[EventCountry "AUS"]
[SourceVersionDate "2023.01.02"]

1. e4 d6 2. d4 Nf6 3. Nc3 c6 4. f4 Qa5 5. Bd3 e5 6. Nf3 Bg4 7. Be3 Nbd7 8. O-O Be7 9. h3 Bxf3 10. Qxf3 O-O 11. g4 exf4 12. Bxf4 Qb6 13. Ne2 Ne5 14. Bxe5 dxe5 15. g5 Nd7 16. Qg4 Rad8 17. c3 c5 18. Bc4 exd4 19. Rxf7 Rxf7 20. Rf1 Ne5 21. Qf5 Kh8 22. Bxf7 d3 23. Nf4 c4+ 24. Kh1 Qe3 25. Qxe5 Bd6 26. Qd4 Qg3 27. Qf2 Bxf4 28. Qxf4 Qxf4 29. Rxf4 d2 30. Bh5 d1=Q+ 31. Bxd1 Rxd1+ 32. Kg2 Kg8 33. Rf2 Rd3 34. Re2 Kf7 35. h4 Ke6 36. e5 b5 37. a3 a5 38. Kh2 Rd5 39. Kg3 Rxe5 40. Rd2 Kf5 41. Kf3 1/2-1/2

[Event "Perth AUS Open"]
[Site "?"]
[Date "2023.01.03"]
[Round "3.34"]
[White "Teh Hui Lam"]
[Black "Rafiei Darani, Daryoush"]
[Result "1-0"]
[WhiteElo "1706"]
[BlackElo "1504"]
[PlyCount "71"]
[EventDate "2023.01.??"]
[EventRounds "11"]
[EventCountry "AUS"]
[SourceVersionDate "2023.01.02"]

1. e4 c6 2. d4 d5 3. Nc3 dxe4 4. Nxe4 Nd7 5. Nf3 Ngf6 6. Ng3 e6 7. Bd3 Be7 8. O-O O-O 9. Re1 Qb6 10. c3 c5 11. Nf5 Bd8 12. Ne3 Qc7 13. g3 b6 14. Nc4 Nd5 15. Bf1 Bb7 16. Qe2 cxd4 17. Nxd4 Ba6 18. Nxe6 Bxc4 19. Nxc7 Bxe2 20. Nxd5 Bxf1 21. Kxf1 Nc5 22. b3 Rc8 23. c4 Kh8 24. Re3 Ne6 25. Bb2 Re8 26. f4 Rc6 27. Rae1 Rg8 28. f5 Nc7 29. Ne7 Bxe7 30. Rxe7 f6 31. Rd1 Rc5 32. g4 h5 33. h3 Ne8 34. Rd8 Nc7 35. Rdd7 Ne8 36. Rxa7 1-0

[Event "Perth AUS Open"]
[Site "?"]
[Date "2023.01.03"]
[Round "3.35"]
[White "Wolstencroft, Alan"]
[Black "Chen, Angus"]
[Result "1-0"]
[WhiteElo "1702"]
[BlackElo "1394"]
[PlyCount "83"]
[EventDate "2023.01.??"]
[EventRounds "11"]
[EventCountry "AUS"]
[SourceVersionDate "2023.01.02"]

1. e4 e5 2. Nf3 Nf6 3. d4 Nxe4 4. dxe5 d5 5. Bf4 Be6 6. Bd3 Nc5 7. Nc3 Nbd7 8. O-O Be7 9. Re1 O-O 10. a3 Nxd3 11. Qxd3 c6 12. Rad1 Nb6 13. h3 Nc4 14. Bc1 Qb6 15. b4 a5 16. Na4 Qc7 17. Nc5 b6 18. Nxe6 fxe6 19. c3 axb4 20. axb4 Bd8 21. Qe2 Rf5 22. g4 Rf8 23. Nd4 Qd7 24. f4 Bc7 25. Nf3 Rae8 26. Qxc4 h6 27. Qe2 c5 28. b5 Ra8 29. Bd2 Ra3 30. Ra1 Rfa8 31. Rxa3 Rxa3 32. Rb1 d4 33. Qd3 Qd5 34. Kf2 dxc3 35. Qxd5 exd5 36. Bc1 c2 37. Rb2 Rc3 38. Ne1 d4 39. Rxc2 Rxh3 40. Nf3 Bd8 41. Kg2 d3 42. Rd2 1-0

[Event "Perth AUS Open"]
[Site "?"]
[Date "2023.01.03"]
[Round "3.36"]
[White "Baneshi, Kiamehr"]
[Black "Milner, Anthony James"]
[Result "1-0"]
[WhiteElo "1671"]
[BlackElo "1102"]
[PlyCount "61"]
[EventDate "2023.01.??"]
[EventRounds "11"]
[EventCountry "AUS"]
[SourceVersionDate "2023.01.02"]

1. e4 e5 2. Nf3 Nc6 3. Nc3 Nf6 4. d4 exd4 5. Nxd4 Nxd4 6. Qxd4 d6 7. Bg5 Be7 8. Bc4 O-O 9. O-O-O c5 10. Qd3 a6 11. Bxf6 Bxf6 12. Qxd6 Qxd6 13. Rxd6 Re8 14. Rhd1 Bg4 15. f3 Bg5+ 16. Kb1 Bh5 17. R6d5 h6 18. h4 Bf4 19. Rxh5 b5 20. Bxf7+ Kxf7 21. Rf5+ Kg8 22. Rxf4 Rad8 23. Rxd8 Rxd8 24. Nd5 Rd6 25. c4 Kh7 26. Kc2 Rg6 27. g4 b4 28. h5 Re6 29. Kb3 a5 30. Ka4 Ra6 31. Rf8 1-0

[Event "Perth AUS Open"]
[Site "?"]
[Date "2023.01.03"]
[Round "3.40"]
[White "Barry, David"]
[Black "De Rooy, Jack"]
[Result "1-0"]
[WhiteElo "1647"]
[BlackElo "1242"]
[PlyCount "119"]
[EventDate "2023.01.??"]
[EventRounds "11"]
[EventCountry "AUS"]
[SourceVersionDate "2023.01.02"]

1. e4 c6 2. d4 d5 3. Nd2 dxe4 4. Nxe4 Nf6 5. Nxf6+ exf6 6. Nf3 Bg4 7. Be2 Bd6 8. O-O Nd7 9. Re1 O-O 10. Bd2 Qc7 11. h3 Bh5 12. c4 Rfe8 13. Qc2 Bg6 14. Bd3 Bxd3 15. Qxd3 Rad8 16. Re2 Nf8 17. Rae1 Rxe2 18. Qxe2 Qd7 19. Bc3 Ne6 20. b4 Nc7 21. a4 Re8 22. Qd2 Rxe1+ 23. Qxe1 Qe6 24. Qxe6 fxe6 25. Nd2 b6 26. Ne4 Ne8 27. b5 cxb5 28. axb5 Be7 29. Kf1 Nd6 30. Nxd6 Bxd6 31. Ke2 Kf7 32. Kd3 Kg6 33. Ke4 f5+ 34. Kf3 Kg5 35. Bd2+ Kf6 36. Be3 e5 37. c5 bxc5 38. dxc5 Bb8 39. c6 Ke6 40. Bc5 Kd5 41. Bxa7 e4+ 42. Ke2 Bc7 43. b6 Bxb6 44. Bxb6 Kxc6 45. Bd4 g6 46. Ke3 Kd5 47. Bg7 Kc4 48. g3 Kd5 49. Kf4 Kc4 50. Bh6 Kd3 51. Ke5 Ke2 52. Be3 Kf3 53. Kf6 Kg2 54. h4 Kf3 55. Kg5 Kg2 56. Kh6 f4 57. gxf4 Kf3 58. Kxh7 Kg4 59. Kxg6 Kxh4 60. f5 1-0

[Event "Perth AUS Open"]
[Site "?"]
[Date "2023.01.03"]
[Round "3.41"]
[White "Wolffs, Walter"]
[Black "Kelly, Adam"]
[Result "0-1"]
[WhiteElo "1383"]
[BlackElo "2006"]
[PlyCount "50"]
[EventDate "2023.01.??"]
[EventRounds "11"]
[EventCountry "AUS"]
[SourceVersionDate "2023.01.02"]

1. e4 e5 2. Nf3 Nc6 3. Bb5 a6 4. Ba4 Nf6 5. d3 Bc5 6. c3 d6 7. O-O O-O 8. h3 Ba7 9. Re1 Ne7 10. Be3 Bxe3 11. Rxe3 Ng6 12. d4 Qe7 13. c4 Be6 14. Bb3 Rad8 15. Nc3 Bc8 16. Nd5 Nxd5 17. exd5 e4 18. Nd2 f5 19. Qc2 Qg5 20. Kh1 Qh4 21. Rf1 f4 22. Rxe4 Bxh3 23. Nf3 Bxg2+ 24. Kxg2 Qg4+ 25. Kh2 Rf5 0-1

[Event "Perth AUS Open"]
[Site "?"]
[Date "2023.01.03"]
[Round "3.42"]
[White "Brown, Greg"]
[Black "Novakovic, Velibor"]
[Result "0-1"]
[WhiteElo "1312"]
[BlackElo "1911"]
[PlyCount "80"]
[EventDate "2023.01.??"]
[EventRounds "11"]
[EventCountry "AUS"]
[SourceVersionDate "2023.01.02"]

1. c4 Nf6 2. g3 c6 3. Bg2 d5 4. cxd5 cxd5 5. d4 Nc6 6. e3 Bf5 7. a3 e6 8. Nc3 Bd6 9. Nge2 O-O 10. O-O Na5 11. f3 Bg6 12. e4 dxe4 13. fxe4 Be7 14. Nf4 Qb6 15. Nxg6 hxg6 16. Kh1 Nb3 17. Rb1 Nxc1 18. Qxc1 Qxd4 19. Rd1 Qe5 20. Qf4 Qxf4 21. gxf4 Ng4 22. Rd7 Bc5 23. Bf3 Nf2+ 24. Kg2 Rad8 25. Rxb7 Rd2 26. Kg3 Be3 27. Re1 Bxf4+ 28. Kxf4 Nd3+ 29. Ke3 Nxe1 30. Kxd2 Nxf3+ 31. Ke3 Nxh2 32. Rxa7 g5 33. b4 f5 34. b5 f4+ 35. Kf2 Ng4+ 36. Kf1 f3 37. b6 f2 38. b7 Nh2+ 39. Kg2 f1=Q+ 40. Kxh2 Qf2+ 0-1

[Event "Perth AUS Open"]
[Site "?"]
[Date "2023.01.03"]
[Round "3.43"]
[White "McAteer, Ian"]
[Black "Arthur, Matthew"]
[Result "0-1"]
[WhiteElo "1605"]
[BlackElo "1605"]
[PlyCount "68"]
[EventDate "2023.01.??"]
[EventRounds "11"]
[EventCountry "AUS"]
[SourceVersionDate "2023.01.02"]

1. e4 c6 2. d4 d5 3. f3 dxe4 4. fxe4 e6 5. Nf3 Nf6 6. Bd3 Be7 7. O-O O-O 8. c3 c5 9. Na3 cxd4 10. cxd4 Nc6 11. Nc2 b6 12. a3 Bb7 13. e5 Nd5 14. Qe1 f5 15. exf6 Rxf6 16. Bg5 Rxf3 17. Qxe6+ Kh8 18. Rxf3 Bxg5 19. Raf1 Nf4 20. Qf5 g6 21. Qb5 Nxd4 22. Qe5+ Bf6 23. Qxf4 Nxf3+ 24. gxf3 Bxb2 25. Be4 Bxe4 26. fxe4 Rc8 27. Nb4 Bg7 28. Nd5 Qf8 29. Qh4 Bd4+ 30. Kg2 Rc2+ 31. Kg3 Qxf1 32. Qd8+ Kg7 33. Nf4 Qf2+ 34. Kg4 Qg1+ 0-1

[Event "Perth AUS Open"]
[Site "?"]
[Date "2023.01.03"]
[Round "3.44"]
[White "De Jong, Sjef"]
[Black "Sheridan, Wallace"]
[Result "0-1"]
[WhiteElo "1593"]
[BlackElo "1461"]
[PlyCount "92"]
[EventDate "2023.01.??"]
[EventRounds "11"]
[EventCountry "AUS"]
[SourceVersionDate "2023.01.02"]

1. e4 d6 2. d4 Nf6 3. Nc3 e5 4. dxe5 dxe5 5. Qxd8+ Kxd8 6. Bc4 Ke8 7. Nf3 Bd6 8. Ng5 Rf8 9. O-O h6 10. Nf3 a6 11. a4 Nbd7 12. Re1 Nc5 13. b4 Ne6 14. Na2 Bd7 15. Bb3 Bc6 16. c4 b6 17. Bb2 Nd7 18. Rac1 Ke7 19. g3 Ng5 20. Nxg5 hxg5 21. f3 Bb7 22. Re2 f6 23. Rd2 a5 24. Rcd1 axb4 25. Nxb4 Nc5 26. Bc2 Nxa4 27. Bxa4 Rxa4 28. Nd5+ Bxd5 29. cxd5 Ra2 30. Rc2 Rfa8 31. Rdd2 Kd7 32. Kg2 Ba3 33. Kh3 Rxb2 34. Rxb2 Bxb2 35. Rxb2 Ra3 36. Kg4 g6 37. f4 gxf4 38. gxf4 Ra4 39. Re2 exf4 40. Kxf4 f5 41. Kg5 Rxe4 42. Rg2 Rg4+ 43. Rxg4 fxg4 44. Kxg6 b5 45. Kg5 b4 46. Kxg4 b3 0-1

[Event "Perth AUS Open"]
[Site "?"]
[Date "2023.01.03"]
[Round "3.47"]
[White "Hernandez Mendez, Iker"]
[Black "Milovanovic, Stevica"]
[Result "1-0"]
[WhiteElo "1611"]
[BlackElo "1348"]
[PlyCount "67"]
[EventDate "2023.01.??"]
[EventRounds "11"]
[EventCountry "AUS"]
[SourceVersionDate "2023.01.02"]

1. e4 d5 2. exd5 Nf6 3. d4 Nxd5 4. c4 Nf6 5. Nf3 Bg4 6. Be2 c6 7. O-O e6 8. Re1 Bb4 9. Bd2 Bd6 10. Nc3 Qc7 11. d5 O-O 12. h3 Bf5 13. Nd4 Re8 14. Bf1 Nbd7 15. g4 Bg6 16. dxe6 Nc5 17. exf7+ Qxf7 18. Qf3 Nce4 19. Nxe4 Nxe4 20. Qxf7+ Kxf7 21. Be3 h6 22. Rad1 Bb4 23. Re2 Rad8 24. Rc1 Bc5 25. Nf3 Rd7 26. Bxc5 Nxc5 27. Ne5+ Rxe5 28. Rxe5 Nd3 29. Bxd3 Bxd3 30. Rd1 Bf5 31. Rxf5+ Ke6 32. Rxd7 Kxd7 33. Rf7+ Kd6 34. Rxb7 1-0

[Event "Perth AUS Open"]
[Site "?"]
[Date "2023.01.03"]
[Round "3.48"]
[White "De Vas, Yonal"]
[Black "Li, Ian"]
[Result "1/2-1/2"]
[WhiteElo "1558"]
[BlackElo "1341"]
[PlyCount "83"]
[EventDate "2023.01.??"]
[EventRounds "11"]
[EventCountry "AUS"]
[SourceVersionDate "2023.01.02"]

1. d4 e6 2. c4 b6 3. Nf3 Bb7 4. g3 Nf6 5. Bg2 Bb4+ 6. Bd2 Bxd2+ 7. Nbxd2 d6 8. O-O O-O 9. Qc2 Nbd7 10. e4 e5 11. d5 a5 12. Ne1 Nc5 13. Nb3 Nfd7 14. Nd3 Nxb3 15. Qxb3 Bc8 16. f4 f6 17. fxe5 fxe5 18. Rxf8+ Qxf8 19. Rf1 Nf6 20. Nf2 Qe7 21. h3 Bd7 22. Kh2 Rf8 23. Bf3 Qf7 24. Be2 Qg6 25. Qd3 Qg5 26. a3 Nh5 27. b4 axb4 28. axb4 Qg6 29. Qc3 Nf6 30. Qe3 Nh5 31. g4 Nf4 32. Nd3 Qf6 33. c5 bxc5 34. bxc5 g5 35. c6 Be8 36. Nb4 Bg6 37. Ba6 Qe7 38. Bb7 h6 39. Na6 Kh7 40. Re1 Qf7 41. Qc3 Nxd5 42. Qg3 1/2-1/2

[Event "Perth AUS Open"]
[Site "?"]
[Date "2023.01.03"]
[Round "3.49"]
[White "De Rooy, Samuel"]
[Black "Lee, Alexandre KM"]
[Result "0-1"]
[WhiteElo "1317"]
[BlackElo "1558"]
[PlyCount "86"]
[EventDate "2023.01.??"]
[EventRounds "11"]
[EventCountry "AUS"]
[SourceVersionDate "2023.01.02"]

1. d4 Nf6 2. c4 g6 3. g3 Bg7 4. Bg2 O-O 5. e3 d6 6. Nf3 c6 7. Nc3 Qa5 8. O-O Qh5 9. Ne2 e5 10. dxe5 dxe5 11. Re1 Bg4 12. Nd2 Bh3 13. Bxh3 Qxh3 14. f3 Qe6 15. e4 Na6 16. Nc3 Rfd8 17. Qe2 Nb4 18. Nb3 Nd3 19. Rd1 Nxc1 20. Raxc1 b6 21. Rxd8+ Rxd8 22. Rd1 Rxd1+ 23. Qxd1 Qd7 24. Qxd7 Nxd7 25. Kf2 Bf8 26. Ke2 f6 27. h3 Kf7 28. Kd3 Ke6 29. g4 Be7 30. Ne2 Nf8 31. Ng3 Kd7 32. Nd2 Ne6 33. Nb3 Nf4+ 34. Ke3 Nxh3 35. a3 a5 36. a4 Bb4 37. Ke2 Nf4+ 38. Ke3 Be1 39. Ne2 Ng2+ 40. Kd3 Bf2 41. Nd2 h5 42. gxh5 gxh5 43. Nf1 Ne1+ 0-1